000
00243nam a2200097Ia 4500
001
1253781
005
20251031151000.0
008
251031s9999 xx 000 0 und d
245
0
_c
İSMAİL BİLGİN
_a
Z-2 TAŞ BEBEK
260
_b
ERDEM YAYINLARI
999
_c
1253781
_d
1253781